|
|
|
|
| LEADER |
00000nam a2200000 a 4500 |
| 001 |
vtls010494679 |
| 003 |
SK-MaSNL |
| 005 |
20260426012418.0 |
| 008 |
240314s2012 xo f 001 0dslo |
| 015 |
|
|
|a SNBA2013
|
| 020 |
|
|
|a 9788097030254
|q (brož.)
|
| 035 |
|
|
|a BF8A6D9D-4654-47D9-8F03-0F13962C33E5
|
| 035 |
|
|
|a urn:nbn:sk:snk-amjmwe
|
| 035 |
|
|
|a urn:nbn:sk:snk-am001ord
|
| 040 |
|
|
|a SNK
|b slo
|c SNK
|e AACR2
|
| 041 |
0 |
|
|a slo
|b eng
|
| 044 |
|
|
|a xo
|c SK
|
| 072 |
|
7 |
|a 371
|x Školstvo (organizácia)
|2 konspekt
|
| 072 |
|
7 |
|a 37
|x Výchova a vzdelávanie
|2 konspekt
|
| 080 |
|
|
|a 371
|2 2001
|
| 080 |
|
|
|a 37.0
|2 2001
|
| 080 |
|
|
|a (048.8:082)
|2 2001
|
| 080 |
|
|
|a 94(437.6)
|2 2001
|
| 080 |
|
|
|a (437.6)
|2 2001
|
| 100 |
1 |
|
|a Kázmerová, Ľubica,
|d 1955-1
|4 aut
|9 97640
|
| 245 |
1 |
0 |
|a Premeny v školstve a vzdelávaní na Slovensku (1918-1945)
|c Ľubica Kázmerová a kol.
|
| 250 |
|
|
|a 1. vyd.
|
| 260 |
|
|
|a Bratislava
|b Typoset Print
|c 2012
|
| 300 |
|
|
|a 142 s.
|c 25 cm
|
| 500 |
|
|
|a Vydal Historický ústav SAV, Bratislava
|
| 504 |
|
|
|a Bibliogr. odkazy. Men. reg.
|
| 546 |
|
|
|a Res. angl.
|
| 648 |
|
7 |
|a 1918-1945
|2 SNKPH
|9 276922
|
| 650 |
0 |
7 |
|a školstvo
|2 SNKPH
|9 19712
|
| 650 |
0 |
7 |
|a Education
|2 SNKPHeng
|9 265320
|
| 650 |
0 |
7 |
|a vzdelávanie
|2 SNKPH
|9 4033
|
| 651 |
|
7 |
|a Slovensko
|x dejiny
|2 SNKPH
|9 13278
|
| 651 |
|
7 |
|a Slovakia
|x history
|2 SNKPHeng
|9 266841
|
| 651 |
|
7 |
|a Slovensko
|2 SNKPH
|9 14231
|
| 651 |
|
7 |
|a Slovakia
|2 SNKPHeng
|9 92630
|
| 655 |
|
7 |
|a kolektívne monografie
|2 SNKPH
|9 249850
|
| 655 |
|
7 |
|a Collective monographs
|2 SNKPHeng
|9 125747
|
| 700 |
1 |
|
|a Falisová, Anna,
|d 1959-
|4 aut
|9 14891
|
| 700 |
1 |
|
|a Hanula, Matej,
|d 1977-
|4 aut
|9 105763
|
| 700 |
1 |
|
|a Jaksicsová, Vlasta,
|d 1954-
|4 aut
|9 113226
|
| 700 |
1 |
|
|a Orosová, Martina,
|d 1971-
|4 aut
|9 240535
|
| 700 |
1 |
|
|a Osyková, Linda, 1975-
|4 aut
|9 46375
|
| 700 |
1 |
|
|a Zemko, Milan,
|d 1944-2013
|4 aut
|9 103920
|
| 919 |
|
|
|a 978-80-970302-5-4
|
| 958 |
|
|
|a NB
|
| 999 |
|
|
|c 1096217
|d 1098147
|
| 952 |
|
|
|a SNK
|b SNK
|y PREZ
|7 0
|p 17A1064242
|o snkSC 153377
|i snk2013/4971
|8 0
|0 0
|1 0
|4 0
|d 2013-03-04
|l 0
|r 2025-07-23 00:00:00
|w 2026-02-24
|
| 952 |
|
|
|a SNK
|b SNK
|y VYP
|7 0
|p 17A1064243
|o snkSC 153377 D1
|i snk2013/4972
|8 0
|0 0
|1 0
|4 0
|d 2013-03-04
|l 1
|m 3
|r 2026-05-22 13:06:47
|s 2026-02-28
|w 2026-02-24
|
| 952 |
|
|
|t snkKAZ 37(437.6)
|a SNKUST
|b SNKUST
|y PREZ
|7 0
|p 17A1106362
|o snkSC 153377 D2
|i snk2014/7359
|8 0
|0 0
|1 0
|4 0
|d 2014-03-20
|l 0
|r 2025-04-28 00:00:00
|w 2026-02-24
|